| 000 | 00375nam a2200145Ia 4500 | ||
|---|---|---|---|
| 005 | 20240821151650.0 | ||
| 008 | 240821s9999||||xx |||||||||||||| ||und|| | ||
| 082 | _a030 JUN (R-E) | ||
| 100 | _aBlishen, Edward | ||
| 245 | 0 | _aJunior pears encyclopaedia | |
| 260 |
_aBritain _bPelham Books Ltd. _c1961 |
||
| 300 | _aVarious Pagination | ||
| 650 | _aEncyclopaedia | ||
| 942 | _cBK | ||
| 999 |
_c38663 _d38663 |
||